00399nam a22001457a 450000500170000000800410001702000150005804100130007308200140008610000130010024500400011326000560015330000180020965000260022720231114131727.0231114b |||||||| |||| 00| 0 eng d a0409030023 aEnglish  a344.6 HYM lEnglish  aEngineering Construction Contracts  aDurban : bButterworth Publishers (Pty) Ltd, c1992 bxv, c26 cm.  aLegal practice bLaw